Quizzes
Events
Quiz Creation
Community
Videos
Private Events
Remove Ads
Sign In
Join for FREE
Feedback
Dark Mode
Quiz Categories
Sports
Geography
Music
Movies
Television
Just For Fun
Miscellaneous
History
Literature
Language
Science
Gaming
Entertainment
Religion
Holiday
For Kids
Quiz Lab
Recent
Popular Today
Quiz Kudos Today
Editor Picks
Curator Picks
Quizzes by...
Day
Popularity
Type
Ratings
Length
Year
Community
Subscriptions
Recent Discussions
Orange Saloon
Badges
Playlists
Quests
Create
Leaderboards
Showdown
Live 5
Trivia Bingo
Activity
Puzzle Library
Sporcle Events
Private Events
Virtual Trivia
Globe League
Become a Host
Pub Owners
SporcleCon
Opinionation
Our Games
Videos
Blog
Mobile Apps
Partnerships
Remove Ads and Go Orange
Feedback
History
US Presidents
World Leaders
Politics
Nation
Discovery
War
Decade
Year
Century
Biography
Art
History
US Presidents
World Leaders
Politics
Nation
Discovery
War
Decade
Year
Century
Biography
Art
Random Quiz
Search Sporcle
×
Quiz Lab
Quiz Lab
History
Greece
Type in answers that appear in a list
Type in answers that appear in a list
Classic
Best Score? Go Orange.
JMHS WH1 Greece Stats
Can you name the JMHS WH1 Greece?
By
tailorlulu123
7m
20 Questions
9 Plays
9 Plays
9 Plays
Comments
Comments
Give Quiz Kudos
Give Quiz Kudos
-
- Ratings
hide this ad
Replay
Link that replays current quiz
Next Quiz
Link to next quiz in quiz playlist
You Got
0%
They Got
Avg Score
42%
Avg Friend Score
Upgrade to see
Score Distribution
Jump to the score distribution portion of the page
Score
0/20
Timer
07:00
0
Plays Today
Hints
Answer
% Correct
Who was the greatest storyteller?
Homer
88.9%
Which city was more focused on military training?
Sparta
77.8%
What was the name of the war that the Mycenaeans and the Trojans fought in?
The Trojan War
66.7%
Traditional stories about gods.
Myths
66.7%
Which city was more focused on art and literature?
Athens
66.7%
What was the name of the war between Greece and the Persian Empire?
The Persian War
66.7%
Rule by the people.
Democracy
55.6%
What were narrative poems celebrating heroic deeds called?
Epics
44.4%
A fortified hilltop.
Acropolis
44.4%
Which type of government is ruled by a small group of noble, landowning families?
Aristocracy
44.4%
Hints
Answer
% Correct
A government ruled by a few powerful people.
Oligarchy
44.4%
How long did the Mycenaeans fight against Troy?
Ten years
33.3%
A city-
state.
Polis
33.3%
What is it called when one person rules in a government?
Monarchy
33.3%
What were the new people called?
Dorians
22.2%
What became the most powerful fighting force?
The phalanx
22.2%
After the Trojan War, what collapsed?
The Mycenaean Civilization
11.1%
Who was the first nobleman that came to power in order to start Democracy?
Draco
11.1%
Of the wealthy families, who received formal education?
Sons
11.1%
Who did the Messenians become?
Helots
11.1%
Quiz Playlist
Details
Report
Send in Message
Add To Playlist
Classic:
Type in answers that appear in a list
Last Updated: Feb 16, 2017
Quiz Scoreboard
CHALLENGE
Sign Up to Join the Scoreboard
Show All
Scores
Hide
Comments
May contain spoilers
Recently Published
1-10 Letter E Words III
by El_Dandy
Language
2m
One Thing in Common: World Cities II
by knightlancer
Geography
7m
Popular People in 1961
by mucciniale
History
6m
More to Explore
Quiz From the Vault
Featured Blog Post
Where Did the Easter Bunny Come From?
hide this ad
You Might Also Like...
Tags
Greece
Today's Top Quizzes in History
Browse History
hide this ad
Today's Top Quizzes in Greece
Browse Greece
Top Contributed Quizzes in History
1
Popular People in 1991
2
Popular People in 1981
3
Popular People in 1951
4
Popular People in 1941
5
Popular People in 1986
6
Popular People in 1921
7
Popular People in 1976
8
I Am Born On March 28th
9
Popular People in 1946
10
Popular People in 1936
Explore More
Trending Topics
Harry Potter
Anime
Disney
Marvel
Crossword
NBA
Kpop
WWE
Puzzle
The Office
Pokémon
Soccer
Song
Country
NFL
hide this ad
More By:
tailorlulu123
Quiz
Plays
Rating
Category
Featured
Created
JMHS WH1 Greece
9
History
May 3, 2011
JMHS WH2 Greece
6
History
May 3, 2011
Go to Creator's Profile
Score Distribution
Quiz Creator Spotlight
tailorlulu123
Follow
Send a Message
Quizzes Created
-
Created Quiz Play Count
-
More By This Creator
Popular Quizzes Today
1
Find the US States - No Outlines Minefield
2
Find the Countries of Europe - No Outlines Minefield
3
The Countries of the World
4
Popular People in 1961
5
1-10 Letter E Words III
6
Find the US States
7
One Thing in Common: World Cities II
8
US States
More History Quizzes
Timeline of Discoveries
Published
Trending Quizzes
Risky Map Clicking: Least Populous States A-Z
1-10 Letter F Words
1-10 Letter G Words
One Thing in Common: United Kingdom
Risky Map Clicking: Biggest States A-Z
Recently Updated
Leaping Animals
pecheneg
Reality TV Shows (A-Z)
bhenderson79
Rickey Henderson's Hall of Fame Teammates
pecheneg
Champions League XIs: Arsenal
pecheneg
Quick Pick: Celebrities in WWE's Hall of Fame
aduchscher
A-Z Keypad Blitz II
pecheneg
Multiple Oscar Actors
pecheneg
Mystery Phrase Blitz: Oscar 'Best Actors'
pecheneg
F. Scott Fitzgerald Novels
LTH
Pick 3 Villains
ddd62291
Trending Topics
Marvel
Crossword
NBA
Disney
Harry Potter
Kpop
Anime
Soccer
Pokémon
Puzzle
The Office
Song
Country
NFL
WWE
Your Account Isn't Verified!
In order to create a playlist on Sporcle, you need to verify the email address you used during registration. Go to your
Sporcle Settings
to finish the process.
Report this User
Report this user for behavior that violates our
Community Guidelines
.
Details:
Send Report
Go to the Sporcle.com Mobile Site →
Comments